Tratado de derecho administrativo (Registro nro. 956)

Detalles MARC
000 -LEADER
fixed length control field 01720 a2200217 4500
001 - CONTROL NUMBER
control field 22301
005 - DATE AND TIME OF LATEST TRANSACTION
control field 20260407155512.0
008 - FIXED-LENGTH DATA ELEMENTS--GENERAL INFORMATION
fixed length control field 260407a1973 arg spa d
003 - CONTROL NUMBER IDENTIFIER
control field AR-UNSa-BCEJYS
040 ## - CATALOGING SOURCE
Original cataloging agency AR-UNSa-BCEJYS
Language of cataloging spa
Transcribing agency AR-UNSa-BCEJYS
080 ## - UNIVERSAL DECIMAL CLASSIFICATION NUMBER
Universal Decimal Classification number 342.9
Common auxiliary subdivision Derecho Administrativo
041 ## - LANGUAGE CODE
Language code of text/sound track or separate title spa
100 1# - MAIN ENTRY--PERSONAL NAME
Personal name Marienhoff, Miguel S.
245 10 - TITLE STATEMENT
Title Tratado de derecho administrativo
250 ## - EDITION STATEMENT
Edition statement 2a
264 #1 - PRODUCTION, PUBLICATION, DISTRIBUTION, MANUFACTURE, AND COPYRIGHT NOTICE
Place of production, publication, distribution, manufacture Buenos Aires :
Name of producer, publisher, distributor, manufacturer Abeledo Perrot
Date of production, publication, distribution, manufacture, or copyright notice 1973
300 ## - PHYSICAL DESCRIPTION
Extent 848 p.
Dimensions 23 cm.
505 ## - FORMATTED CONTENTS NOTE
Formatted contents note Titulo VIII : 1. Limitaciones a la propiedad privada en interés público - 2. Restricciones administrativas - 3. Servidumbre administrativas - 4. Expropiación por utilidad pública - 5. Ocupación Temporanea - 6. Requisición - 7. Decomiso - 8. Confiscación - 9. Secuestro - Titulo IX : 1. Policia, poder de la policia - 2. Jurisdicción nacional y provincial respecto al poder de la policia: su deslinde - 3. La contravención - 4.La pena contravencional - 5. Clasificación de la policia - 6. Algunos supuestos particulares de ejercicio del poder de policia - 7. Limitaciones a la policia y a poder policia - 8. El poder de policia y la responsabilidad del estado - 9. De las contiendas en materia de policia - Titulo X: 1. Principios fundamentales - 2. Responsabilidad del estado por hechos o actos de la administración pública - 3. Responsabilidad del estado por sus actos legislativos - 4. Responsabilidad del estado por sus actos judiciales - 5. Supuestos particulares de responsabilidad del estado - 6. La responsabilidad extracontractural del estado en legislaciones extranjeras - 7. De las contiendas sobre responsabilidad del estado.
590 ## - LOCAL NOTE (RLIN)
Local note niveau_biblio:m niveau_hierar:0
942 ## - ADDED ENTRY ELEMENTS (KOHA)
Koha item type
Existencias
Withdrawn status Lost status Damaged status Not for loan Home library Current library Shelving location Date acquired Total checkouts Full call number Barcode Date last seen Price effective from Koha item type
        Biblioteca Prof. Eusebio Cleto del Rey Biblioteca Prof. Eusebio Cleto del Rey   07/04/2026   342.9 M334 v.4 L25347 07/04/2026 07/04/2026 Libro